Normal view
MARC view
- Berson A.S. & Stieglitz R.G
Entry Personal Name
001 - CONTROL NUMBER
- control field: 194575
003 - CONTROL NUMBER IDENTIFIER
- control field: OSt
005 - DATE AND TIME OF LATEST TRANSACTION
- control field: 20230714214411.0
008 - FIXED-LENGTH DATA ELEMENTS
- fixed length control field: 230714|| aca||aabn | a|a d
040 ## - CATALOGING SOURCE
- Original cataloging agency: OSt
- Transcribing agency: OSt
100 ## - HEADING--PERSONAL NAME
- Personal name: Berson A.S. & Stieglitz R.G
670 ## - SOURCE DATA FOUND
- Source citation: Work cat.: (OSt)208039: Berson A.S. 194574, Leadership Conversations, 2013